[Event "Foment Martinenc op-C 18th"]
[White "Bassono Ortega, Joel"]
[Black "Andreu Ferro, Biel"]
[Site "Barcelona"]
[Round "9"]
[Result "1-0"]
[Date "2016.06.18"]
[WhiteElo "1638"]
[BlackElo "1528"]
[PlyCount "85"]
[EventDate "2016.04.23"]
[EventType "swiss"]
[EventRounds "9"]
[EventCountry "ESP"]
[SourceTitle "EXT 2017"]
[Source "ChessBase"]
[SourceDate "2016.10.25"]
[SourceVersion "1"]
[SourceVersionDate "2016.10.25"]
[SourceQuality "1"]

1. e4 e5 2. Nc3 Nf6 3. f4 exf4 4. d4 Bb4 5. Bd3 d5 6. e5 Qe7 7. Bxf4 g5 8. Bxg5 Nbd7 9. Nge2 Rg8 10. Bxf6 Nxf6 11. exf6 Qxf6 12. g3 Bg4 13. Qd2 0-0-0 14. 0-0-0 Bxc3 15. Qxc3 Rde8 16. Rde1 Qf2 17. Qd2 Qg2 18. Nf4 Qxd2+ 19. Kxd2 Rxe1 20. Rxe1 Bd7 21. Nxd5 Be6 22. Ne7+ Kd7 23. Nxg8 Bxa2 24. Bxh7 Be6 25. Nf6+ Ke7 26. d5 Kxf6 27. dxe6 fxe6 28. Re4 e5 29. Rg4 b6 30. Bd3 a5 31. h4 c5 32. h5 b5 33. Bxb5 Kf5 34. h6 Kxg4 35. h7 Kxg3 36. h8Q Kf4 37. Qh6+ Ke4 38. Qe3+ Kd5 39. c4+ Kd6 40. Qh6+ Kc7 41. Qc6+ Kb8 42. Ba6 e4 43. Qb7# 1-0

[Event "Foment Martinenc op-C 18th"]
[White "Carre Rodriguez, Rafael"]
[Black "Bassono Ortega, Joel"]
[Site "Barcelona"]
[Round "7"]
[Result "1-0"]
[Date "2016.06.04"]
[WhiteElo "1797"]
[BlackElo "1638"]
[PlyCount "51"]
[EventDate "2016.04.23"]
[EventType "swiss"]
[EventRounds "9"]
[EventCountry "ESP"]
[SourceTitle "EXT 2017"]
[Source "ChessBase"]
[SourceDate "2016.10.25"]
[SourceVersion "1"]
[SourceVersionDate "2016.10.25"]
[SourceQuality "1"]

1. d4 d5 2. c4 e6 3. Nc3 Nf6 4. Bg5 c6 5. Nf3 Bb4 6. e3 Nbd7 7. Ne5 Qc7 8. Bf4 Nxe5 9. Bxe5 Qd8 10. cxd5 exd5 11. Bd3 h6 12. Qf3 Be7 13. h3 0-0 14. 0-0-0 Be6 15. g4 b5 16. a3 a5 17. Rhg1 Nd7 18. Qg3 Nxe5 19. Qxe5 Bd6 20. Qh5 Be7 21. f4 b4 22. Na4 bxa3 23. bxa3 Bxa3+ 24. Kd2 Be7 25. g5 hxg5 26. Qh7# 1-0

[Event "Foment Martinenc op-C 18th"]
[White "Bassono Ortega, Joel"]
[Black "Martinez Medina, Jose Juan"]
[Site "Barcelona"]
[Round "4"]
[Result "0-1"]
[Date "2016.05.14"]
[WhiteElo "1638"]
[BlackElo "1819"]
[PlyCount "90"]
[EventDate "2016.04.23"]
[EventType "swiss"]
[EventRounds "9"]
[EventCountry "ESP"]
[SourceTitle "EXT 2017"]
[Source "ChessBase"]
[SourceDate "2016.10.25"]
[SourceVersion "1"]
[SourceVersionDate "2016.10.25"]
[SourceQuality "1"]

1. e4 c5 2. Nc3 a6 3. g3 e5 4. Bg2 Nf6 5. d3 Be7 6. h3 Nc6 7. Be3 d6 8. Nge2 Qb6 9. Rb1 Nd4 10. 0-0 Be6 11. Kh2 Qc7 12. b3 b5 13. Ra1 0-0 14. Qd2 Rab8 15. Rab1 Qd7 16. f4 Qd8 17. f5 Bd7 18. Bxd4 cxd4 19. Nd5 Nxd5 20. exd5 Bg5 21. Qe1 Qc8 22. Qd1 Bxf5 23. g4 Bg6 24. Ng3 Bf4 25. Rf3 f5 26. Rf1 fxg4 27. hxg4 Qd8 28. Kh3 Qg5 29. Kh2 Qh4+ 30. Kg1 Bxg3 31. Rxf8+ Rxf8 32. Bh3 Qxh3 33. Qe2 Rf2 34. Qxf2 Bxf2+ 35. Kxf2 Qxg4 36. Rg1 Qf4+ 37. Kg2 Qd2+ 38. Kg3 Qxc2 39. Ra1 Qxd3+ 40. Kg2 Be4+ 41. Kh2 Qf3 42. Rg1 Qf2+ 43. Kh3 Qxg1 44. Kh4 Bf5 45. Kh5 Qg4# 0-1

[Event "Foment Martinenc op-C 18th"]
[White "Martinez Lopez, Ramon"]
[Black "Bassono Ortega, Joel"]
[Site "Barcelona"]
[Round "3"]
[Result "1-0"]
[Date "2016.05.07"]
[WhiteElo "1765"]
[BlackElo "1638"]
[PlyCount "57"]
[EventDate "2016.04.23"]
[EventType "swiss"]
[EventRounds "9"]
[EventCountry "ESP"]
[SourceTitle "EXT 2017"]
[Source "ChessBase"]
[SourceDate "2016.10.25"]
[SourceVersion "1"]
[SourceVersionDate "2016.10.25"]
[SourceQuality "1"]

1. e4 e5 2. Nf3 Nc6 3. Bc4 Nf6 4. Ng5 d5 5. exd5 Nxd5 6. Nxf7 Kxf7 7. Qf3+ Ke6 8. Nc3 Nce7 9. Qe4 g5 10. d4 Bg7 11. Bxg5 c6 12. f4 Re8 13. 0-0-0 b5 14. Bb3 Rb8 15. dxe5 Bb7 16. f5+ Kf7 17. f6 Bxf6 18. e6+ Kg7 19. Qg4 Rc8 20. Rhf1 Ng6 21. Bxf6+ Qxf6 22. Rxf6 Kxf6 23. Nxd5+ Kg7 24. Rf1 Rf8 25. Rxf8 Kxf8 26. Qf5+ Kg7 27. Qf7+ Kh8 28. Nf6 Nf8 29. Qg8# 1-0

[Event "Foment Martinenc op-C 18th"]
[White "Bulygin, Grigory"]
[Black "Bassono Ortega, Joel"]
[Site "Barcelona"]
[Round "1"]
[Result "1/2-1/2"]
[Date "2016.04.23"]
[WhiteElo "1750"]
[BlackElo "1638"]
[PlyCount "32"]
[EventDate "2016.04.23"]
[EventType "swiss"]
[EventRounds "9"]
[EventCountry "ESP"]
[SourceTitle "EXT 2017"]
[Source "ChessBase"]
[SourceDate "2016.10.25"]
[SourceVersion "1"]
[SourceVersionDate "2016.10.25"]
[SourceQuality "1"]

1. e4 e5 2. Nf3 Nc6 3. d4 exd4 4. Nxd4 Bc5 5. Be3 Qf6 6. c3 Nge7 7. Bc4 0-0 8. b4 Bd6 9. 0-0 Qh4 10. g3 Qxe4 11. Nd2 Qg6 12. Qe2 Be5 13. Bd3 Qf6 14. Ne4 Qg6 15. Ng5 f5 16. g4 Bxd4 1/2-1/2

[Event "Barcelona-C 1st"]
[White "Bassono Ortega, Joel"]
[Black "Catala Ulied, Guillem"]
[Site "Barcelona"]
[Round "9"]
[Result "0-1"]
[Date "2015.12.08"]
[WhiteElo "1755"]
[BlackElo "1462"]
[PlyCount "106"]
[EventDate "2015.12.05"]
[EventType "tourn"]
[EventRounds "9"]
[EventCountry "ESP"]
[SourceTitle "EXT 2024"]
[Source "ChessBase"]
[SourceDate "2023.10.10"]
[SourceVersion "1"]
[SourceVersionDate "2023.10.10"]
[SourceQuality "1"]

1. e4 c5 2. Nc3 Nc6 3. g3 g6 4. Bg2 Bg7 5. d3 e6 6. Be3 d6 7. Nge2 a6 8. a4 Nge7 9. Qd2 Nd4 10. 0-0 0-0 11. Bxd4 cxd4 12. Nd1 Bd7 13. f4 Qb6 14. b3 Rac8 15. Nf2 Rc7 16. Ng4 Rfc8 17. Rac1 Rc6 18. e5 R6c7 19. c3 dxc3+ 20. Qe3 Qxe3+ 21. Nxe3 dxe5 22. Rc2 exf4 23. Rxf4 Bh6 24. Rf3 Bc6 25. Rf1 Bxe3+ 26. Kh1 Bxg2+ 27. Kxg2 Bd2 28. Nd4 Nd5 29. Ra2 Ne3+ 30. Kg1 Nxf1 31. Kxf1 c2 32. Ne2 c1Q+ 33. Nxc1 Rxc1+ 34. Ke2 R1c2 35. Rxc2 Rxc2 36. Kd1 Rb2 37. Ke2 Bh6+ 38. Kf3 f5 39. a5 g5 40. h3 Rxb3 41. Ke3 g4+ 42. Kf2 Rb2+ 43. Kg1 gxh3 44. Kh1 Be3 45. d4 h2 46. d5 exd5 47. g4 f4 48. g5 f3 49. g6 f2 50. gxh7+ Kxh7 51. Kxh2 f1Q+ 52. Kg3 Rg2+ 53. Kh3 Qh1# 0-1

[Event "Barcelona-C 1st"]
[White "Martin Barcelo, Carles"]
[Black "Bassono Ortega, Joel"]
[Site "Barcelona"]
[Round "8"]
[Result "1-0"]
[Date "2015.12.08"]
[WhiteElo "1013"]
[BlackElo "1755"]
[PlyCount "123"]
[EventDate "2015.12.05"]
[EventType "tourn"]
[EventRounds "9"]
[EventCountry "ESP"]
[SourceTitle "EXT 2024"]
[Source "ChessBase"]
[SourceDate "2023.10.10"]
[SourceVersion "1"]
[SourceVersionDate "2023.10.10"]
[SourceQuality "1"]

1. e4 e5 2. Nf3 Nc6 3. Nc3 Nf6 4. Bb5 Bc5 5. 0-0 d6 6. h3 0-0 7. d3 h6 8. Na4 Bb4 9. c3 Ba5 10. b4 Bb6 11. Nxb6 axb6 12. Re1 Be6 13. Qc2 Nh5 14. d4 exd4 15. Bxc6 bxc6 16. Nxd4 Qd7 17. Nxe6 fxe6 18. Qd1 Nf6 19. Bb2 c5 20. Qd3 cxb4 21. cxb4 c5 22. Bxf6 Rxf6 23. bxc5 bxc5 24. e5 Rff8 25. Qxd6 Qxd6 26. exd6 Rfe8 27. Rec1 Red8 28. Rxc5 Rxd6 29. Kf1 Kf7 30. Ke2 Rad8 31. Rc2 Kf6 32. a4 Ra8 33. a5 Rda6 34. Rc5 Ke7 35. Kd3 Kd6 36. Kc4 Rc6 37. Rxc6+ Kxc6 38. a6 Kb6 39. a7 Rxa7 40. Rxa7 Kxa7 41. Kd4 Kb7 42. Ke5 Kc7 43. Kxe6 Kd8 44. Kf7 g5 45. Kg6 Ke7 46. Kxh6 Kf6 47. g4 Kf7 48. Kxg5 Kg7 49. f4 Kf7 50. Kh6 Kf8 51. g5 Kf7 52. Kh7 Kf8 53. g6 Ke8 54. g7 Ke7 55. g8Q Kf6 56. Qd5 Ke7 57. Qc6 Kf7 58. Qd6 Ke8 59. Qc7 Kf8 60. Kg6 Ke8 61. Kf6 Kf8 62. Qc8# 1-0

[Event "Barcelona-C 1st"]
[White "Bassono Ortega, Joel"]
[Black "Nunez Romeo, Fausto"]
[Site "Barcelona"]
[Round "6"]
[Result "1/2-1/2"]
[Date "2015.12.07"]
[WhiteElo "1755"]
[BlackElo "1595"]
[PlyCount "46"]
[EventDate "2015.12.05"]
[EventType "tourn"]
[EventRounds "9"]
[EventCountry "ESP"]
[SourceTitle "EXT 2024"]
[Source "ChessBase"]
[SourceDate "2023.10.10"]
[SourceVersion "1"]
[SourceVersionDate "2023.10.10"]
[SourceQuality "1"]

1. e4 g6 2. d4 Bg7 3. Nf3 b6 4. Bd3 Bb7 5. Nc3 e6 6. 0-0 d6 7. Be3 Ne7 8. Qd2 h6 9. h3 Nd7 10. Rfe1 a6 11. a4 c5 12. dxc5 bxc5 13. Rab1 Qc7 14. b4 c4 15. Be2 f5 16. exf5 Nxf5 17. Red1 Nxe3 18. fxe3 d5 19. b5 0-0 20. bxa6 Bxa6 21. Na2 Ne5 22. Qe1 Nxf3+ 23. Bxf3 Be5 1/2-1/2

[Event "Barcelona-C 1st"]
[White "Bassono Ortega, Joel"]
[Black "Moya Nunez, Pau Salvador"]
[Site "Barcelona"]
[Round "4"]
[Result "0-1"]
[Date "2015.12.06"]
[WhiteElo "1755"]
[BlackElo "1187"]
[PlyCount "132"]
[EventDate "2015.12.05"]
[EventType "tourn"]
[EventRounds "9"]
[EventCountry "ESP"]
[SourceTitle "EXT 2024"]
[Source "ChessBase"]
[SourceDate "2023.10.10"]
[SourceVersion "1"]
[SourceVersionDate "2023.10.10"]
[SourceQuality "1"]

1. e4 c5 2. Nc3 Nc6 3. g3 e6 4. Bg2 g6 5. d3 Bg7 6. Be3 b6 7. Nge2 Nge7 8. Qd2 0-0 9. 0-0-0 d5 10. d4 cxd4 11. Nxd4 Nxd4 12. Bxd4 e5 13. Be3 d4 14. Bxd4 exd4 15. Ne2 Bb7 16. Nxd4 Bxd4 17. Qxd4 Qxd4 18. Rxd4 Rfd8 19. Rhd1 Nc6 20. Rxd8+ Rxd8 21. e5 Rxd1+ 22. Kxd1 Nd8 23. Bxb7 Nxb7 24. h4 Kf8 25. f4 Ke7 26. g4 Ke6 27. Ke2 Nc5 28. b4 Nd7 29. Ke3 Kd5 30. Kd3 b5 31. h5 Nb6 32. hxg6 hxg6 33. c3 a6 34. Ke3 Kc4 35. Kd2 Nd5 36. f5 gxf5 37. gxf5 Ne7 38. f6 Ng6 39. Kc2 Nxe5 40. a3 Ng4 41. Kd2 Nxf6 42. Kc2 Ne4 43. Kb2 f5 44. Kc2 f4 45. Kd1 Nxc3+ 46. Ke1 Kb3 47. Kf2 Kxa3 48. Kf3 Kxb4 49. Kxf4 a5 50. Ke3 Kb3 51. Kd2 Ne2 52. Kxe2 a4 53. Kd1 Kb2 54. Kd2 a3 55. Kd3 a2 56. Kd4 a1Q 57. Kc5 Qa4 58. Kb6 Kc3 59. Kc5 Qc4+ 60. Kd6 Kd4 61. Kd7 Kd5 62. Ke7 Qc6 63. Kf7 Ke5 64. Ke7 Qc7+ 65. Kf8 Kf6 66. Kg8 Qg7# 0-1

[Event "Foment Martinenc op-C 16th"]
[White "Bassono Ortega, Joel"]
[Black "Gil Reyes, Aitor"]
[Site "Barcelona"]
[Round "7"]
[Result "1-0"]
[Date "2014.06.07"]
[WhiteElo "1700"]
[BlackElo "1704"]
[PlyCount "43"]
[EventDate "2014.04.26"]
[EventType "swiss"]
[EventRounds "9"]
[EventCountry "ESP"]
[SourceTitle "EXT 2015"]
[Source "ChessBase"]
[SourceDate "2014.11.20"]
[SourceVersion "1"]
[SourceVersionDate "2014.11.20"]
[SourceQuality "1"]

1. e4 c5 2. Nf3 Nc6 3. c3 e5 4. d4 d6 5. d5 Nce7 6. Bb5+ Bd7 7. Bxd7+ Qxd7 8. 0-0 Nf6 9. Nbd2 g6 10. b3 Bg7 11. Ba3 b6 12. Nh4 0-0 13. Ndf3 Nxe4 14. Qd3 Nf6 15. Qe3 Nfxd5 16. Qd2 e4 17. Ne1 Bf6 18. Qh6 Bxh4 19. Qxh4 Nxc3 20. Bb2 Nf5 21. Qf6 Nd5 22. Qh8# 1-0

[Event "Foment Martinenc op-C 16th"]
[White "Garcia Pitarch, Raul"]
[Black "Bassono Ortega, Joel"]
[Site "Barcelona"]
[Round "6"]
[Result "1-0"]
[Date "2014.05.31"]
[WhiteElo "1700"]
[BlackElo "1700"]
[PlyCount "107"]
[EventDate "2014.04.26"]
[EventType "swiss"]
[EventRounds "9"]
[EventCountry "ESP"]
[SourceTitle "EXT 2015"]
[Source "ChessBase"]
[SourceDate "2014.11.20"]
[SourceVersion "1"]
[SourceVersionDate "2014.11.20"]
[SourceQuality "1"]

1. d4 d5 2. c4 e6 3. Nc3 Nf6 4. cxd5 exd5 5. Bg5 Nc6 6. e3 h6 7. Bh4 g5 8. Bg3 Bg4 9. Be2 Bxe2 10. Ngxe2 Bb4 11. 0-0 Qd7 12. a3 Bxc3 13. Nxc3 0-0-0 14. Qc2 h5 15. f3 h4 16. Bf2 h3 17. g3 g4 18. Be1 Rde8 19. Bd2 Rh5 20. Rae1 Rf5 21. f4 Ne4 22. Nxe4 Rxe4 23. Rc1 Qe6 24. Rfe1 Qd6 25. b4 Ne7 26. a4 Nc6 27. Rb1 Ne7 28. Rec1 Rh5 29. b5 b6 30. Rb3 Nf5 31. Kf2 Qe7 32. Rc3 Kd8 33. Rxc7 Qf6 34. Rc8+ Ke7 35. Qc7+ Ke6 36. Re8+ Ne7 37. Rc6+ Kf5 38. Rxf6+ Kxf6 39. Bb4 Ng6 40. Rxe4 dxe4 41. Qc6+ Kg7 42. d5 Rh8 43. Qb7 Rd8 44. d6 Nf8 45. Qxa7 Kf6 46. Qxb6 Rd7 47. a5 Ne6 48. a6 Rd8 49. a7 Nf8 50. Qxd8+ Ke6 51. Qxf8 Kd7 52. a8R Ke6 53. Ra7 Kf6 54. Qxf7# 1-0